000 01498nam a22002417a 4500
003 DO-SdBJH
005 20260330212605.0
008 260330b2025 |||d|||| |||| 00| 0 spa d
040 _aDO-SdBJH
_bspa
_cDO-SdBJH
041 0 _aspa
090 _aCT E-GEO 0002
_bEGAEE 2025
100 1 _aFulcar De Los Santos, Diógenes A.
_esustentante
245 1 0 _aDiseño de un catálogo estándar para las infraestructuras críticas de la ciberseguridad en República Dominicana, año 2025 /
_cDiógenes A. Fulcar De Los Santos, Bernardo J. Santana Lozano ; asesor metodológico Juan M. Pérez Richiez ; asesor de contenido Wilno Araujo.
260 _aSanto Domingo, República Dominicana :
_bUNADE,
_c2025.
300 _axix, 108, [07] páginas : gráficas.
502 _aTesis y trabajos de grado (Especialidad en Geopolítica)--Universidad Nacional para la Defensa "General Juan Pablo Duarte y Díez", Escuela de Graduados de Altos Estudios Estratégicos, Santo Domingo, 2025.
504 _aIncluye referencias bibliográficas, apéndices y anexos.
505 _aInfraestructuras críticas susceptibles a amenazas cibernéticas en República Dominicana -- Criterios estandarizados para si clasificación y priorización -- Modelo de catálogo estándar basado en buenas prácticas internacionales de la ciberseguridad.
700 1 _aSantana Lozano, Bernanrdo J.
_esustentante
700 1 _aPérez Richiez, Juan M.
_easesor metodológico
700 1 _aAraujo, Wilno
_easesor de contenido
942 _2CL
_cT
999 _c8628
_d8628